000 00320pab a2200133 454500
008 180718b1983 xxu||||| |||| 00| 0 eng d
100 _aMurray, C.H.
245 _aIrish government further observed
260 _c1983
300 _a284-99
650 _aIreland - Government
773 _aAdministration
909 _a11352
999 _c11352
_d11352